00371nam a2200133Ia 4500003000500000005001700005008004100022020001800063100002200081245006500103250001100168260004000179300001800219sisc20180206111314.0180205s9999 xx 000 0 und d a9789814738545 aSaunders, Anthony cCornett, Marcia millonaFinancial markets and institutions / a6th ed aQuezon CitybC & E publishingc2016 avi, 744 pages